| 000 | 01219nam a2200229Ia 4500 | ||
|---|---|---|---|
| 001 | 19849 | ||
| 003 | GE_BSU | ||
| 008 | 181216s||||||||xx |||||||||||||| ||und|| | ||
| 040 | _cGE_BSU | ||
| 080 | _a02 | ||
| 245 | _aISBD (M) მონოგრაფიული გამოცემების საერთაშორისო სტანდარტული ბიბლიოგრაფიული აღწერილობა | ||
| 245 | _cინგლ. თარგმანი თამარ ჩხენკელის და თეიმურაზ ჩხენკელის | ||
| 260 | _aთბილისი | ||
| 260 | _bბიბლიოთეკების ავტომატიზაციის ასოციაცია საქართველოში | ||
| 260 | _c2000 | ||
| 300 | _a77გვ. | ||
| 541 | _h3ლ.90 თ. | ||
| 653 | _aISBD (M) მონოგრაფიული გამოცემების საერთაშორისო სტანდარტული ბიბლიოგრაფიული აღწერილობა | ||
| 653 | _aბიბლიოთეკარი | ||
| 653 | _aქსეროქსი | ||
| 942 | _cBK | ||
| 999 |
_c52819 _d52819 |
||